Dharmayudh (Record no. 65420)
[ view plain ]
| 000 -LEADER | |
|---|---|
| fixed length control field | 00192nam a22000977a 4500 |
| 082 ## - DEWEY DECIMAL CLASSIFICATION NUMBER | |
| Classification number | 822/PUR |
| 100 ## - MAIN ENTRY--AUTHOR NAME | |
| Personal name | Charan,.Arjun Deo |
| 245 ## - TITLE STATEMENT | |
| Title | Dharmayudh |
| 650 ## - SUBJECT ADDED ENTRY--TOPICAL TERM | |
| Topical Term | Play |
| 942 ## - ADDED ENTRY ELEMENTS (KOHA) | |
| Koha item type | Books |
| Withdrawn status | Lost status | Damaged status | Not for loan | Home library | Current library | Date acquired | Cost, normal purchase price | Full call number | Accession Number | Price effective from | Koha item type |
|---|---|---|---|---|---|---|---|---|---|---|---|
| MACL | MACL | 14/10/2022 | 180.00 | 822/PUR | CRE040083 | 14/10/2022 | Books |









